Řízení údržby a řízení výrobní společnosti = Maintenance management and production company management /

Hlavní autor: Helebrant, František, 1948-
Korporativní autor: Vysoká škola báňská - Technická univerzita Ostrava. Katedra výrobních strojů a konstruování
Jazyk: Čeština
Vydáno: Ostrava : VŠB - Technická univerzita, 2006
Vydání: 1. vyd.
Edice: Vědecké spisy Fakulty strojní. Habilitační a inaugurační spisy ; sv. 32
Témata:
Fyzický popis: 33 s. : il. ; 21 cm
Knihy
Uloženo v:
LEADER 02147nam a2200505 a 4500
001 nkc20061694604
003 CZ PrNK
005 20070322150026.0
007 ta
008 061025s2006 xr a f m 000 0 cze
015 |a cnb001694604 
020 |a 80-248-1150-2  |q (brož.) 
035 |a (OCoLC)124086895 
040 |a OLA001  |b cze 
072 7 |a 658  |x Řízení a správa podniku  |2 Konspekt  |9 4 
080 |a 658.5  |2 MRF 
080 |a 658.58  |2 MRF 
080 |a (043.5)  |2 MRF 
080 |a (048.3)  |2 MRF 
100 1 |a Helebrant, František,  |d 1948-  |7 jx20031216001  |4 aut 
245 1 0 |a Řízení údržby a řízení výrobní společnosti =  |b Maintenance management and production company management /  |c František Helebrant 
246 3 1 |a Maintenance management and production company management 
250 |a 1. vyd. 
260 |a Ostrava :  |b VŠB - Technická univerzita,  |c 2006 
300 |a 33 s. :  |b il. ;  |c 21 cm 
490 1 |a Vědecké spisy Fakulty strojní. Habilitační a inaugurační spisy ;  |v sv. 32 
500 |a Nad názvem: Vysoká škola báňská - Technická univerzita Ostrava, Fakulta strojní, katedra výrobních strojů a konstruování 
500 |a 100 výt. 
504 |a Obsahuje bibliografii 
650 0 7 |a výrobní management  |7 ph116702  |2 czenas 
650 0 7 |a management údržby  |7 ph388321  |2 czenas 
650 0 9 |a production management  |2 eczenas 
650 0 9 |a maintenance management  |2 eczenas 
655 7 |a habilitační práce  |7 fd185153  |2 czenas 
655 7 |a teze  |7 fd133701  |2 czenas 
655 9 |a habilitation theses  |2 eczenas 
655 9 |a abstracts  |2 eczenas 
710 2 |a Vysoká škola báňská - Technická univerzita Ostrava.  |b Katedra výrobních strojů a konstruování  |7 kn20020409002 
810 2 |a Vysoká škola báňská - Technická univerzita Ostrava.  |b Strojní fakulta.  |t Vědecké spisy.  |p Habilitační a inaugurační spisy  |0 s 
910 2 |a BOA001  |b 2-1179.333 
928 9 |a Vysoká škola báňská - Technická univerzita 
990 |a BK 
995 |a 01 
991 |b 200702  |c NOV 
996 6 |b 2610298468  |c 2-1179.333  |l MZK  |r Sklad / do 1 hodiny  |n 4  |p p.v.  |w 000836180  |u 000010  |a 1  |e BOA001  |j MZK50  |s P